000 00352nam a22001337a 4500
020 _a9788188458042
040 _cNust
082 _a621.3824
_bGAU
100 _aGautam,. K. A
_9123434
245 _aAntenna and Wave Propagation
260 _aNew Delhi:
_bS.K kataria & Sons,
_c2003.
650 _aAntenna and Wave Propagation
_958848
942 _2ddc
_cBK
999 _c609626
_d609626